000 00536nam a2200157 i 4500
001 bg
245 0 _aKatalog Nakładów Rzeczowych nr 5-18 /
_cMinisterstwo Rolnictwa i Gospodarki Żywnościowej ; [Centralne Biuro Studiów i Projektów Technicznej Obsługi Rolnictwa TOR-PROJEKT.
254 _aKNR5-18
260 _aWarszawa :
_b[Wydawnictwa Akcydensowe],
_c1984.
650 9 _abudownictwo rolnicze
650 9 _ainstalacje elektryczne
040 _cBPK
041 _apl
942 _cKA
008 s pl f |000 0 pol
999 _c10116
_d10116
856 _uhttp://koha.tu.koszalin.pl/cgi-bin/koha/opac-detail.pl?biblionumber=10116
_yKatalog online BPK